| 000 | 01058nam a22002177a 4500 | ||
|---|---|---|---|
| 999 |
_c33130 _d33130 |
||
| 003 | OSt | ||
| 005 | 20220628200650.0 | ||
| 008 | 140214b2022 slv spa | ||
| 040 | _cBMC | ||
| 082 | _a428 | ||
| 100 | 1 |
_946386 _aOchoa Murcia, Nathalie Damaris |
|
| 245 | 1 | 0 |
_aFactores que afectan el aprendizaje del idioma inglés en los alumnos del Instituto Nacional "Jorge Eliseo Azucena Ortega", en modalidad actual _b: Investigación, informe final _cNathalie Damaris Ochoa Murcia, Gustavo Eduardo Madrid Vásquez |
| 260 |
_aSanta Ana (El Salvador) _bUniversidad Católica de El Salvador _c2022 |
||
| 300 |
_a63 h. _bil. col _c27 cm _e+ 1 disco compacto |
||
| 500 | _aPrecede al tít.: Universidad Católica de El Salvador, Facultad de Ciencias y Humanidades | ||
| 502 | _aPara optar al grado académico de: Licenciatura en Idioma Inglés | ||
| 650 | 2 | 4 |
_918240 _aLengua inglesa _xMétodos |
| 700 | 1 |
_946387 _aMadrid Vásquez, Gustavo Eduardo |
|
| 710 | 2 |
_91075 _aUniversidad Católica de El Salvador _bFacultad de Ciencias y Humanidades |
|
| 942 |
_2ddc _cTG |
||